[Event "Santa Margalida Mallorca-ch"]
[Site "Santa Margalida"]
[Date "2016.11.25"]
[Round "5"]
[White "Feliu Picornell, Antoni"]
[Black "Rubert Alfonso, Susana"]
[Result "1-0"]
[WhiteElo "1505"]
[BlackElo "1208"]
[PlyCount "49"]
[EventDate "2016.11.11"]
[EventType "swiss"]
[EventRounds "8"]
[EventCountry "ESP"]
[SourceTitle "EXT 2018"]
[Source "ChessBase"]
[SourceDate "2017.10.13"]
[SourceVersion "1"]
[SourceVersionDate "2017.10.13"]
[SourceQuality "1"]

1. e4 e5 2. Nf3 Nc6 3. Bc4 Nf6 4. Nc3 Bc5 5. d3 d6 6. a3 Bg4 7. h3 Bh5 8. Bg5 h6 9. Be3 Bd4 10. Qd2 Bxf3 11. gxf3 Qd7 12. 0-0-0 0-0-0 13. f4 exf4 14. Bxf4 Na5 15. Ba2 Bxc3 16. Qxc3 Rhf8 17. Qxa5 Qc6 18. Be3 Kd7 19. Rhg1 g5 20. Qf5+ Ke7 21. Bd4 Ng8 22. Bc3 Ke8 23. Rge1 Ne7 24. Qg4 Qb6 25. e5 1-0

[Event "Santa Margalida Mallorca-ch"]
[Site "Santa Margalida"]
[Date "2016.11.11"]
[Round "1"]
[White "Matas Artigues, Josep"]
[Black "Rubert Alfonso, Susana"]
[Result "1-0"]
[WhiteElo "1731"]
[BlackElo "1208"]
[PlyCount "65"]
[EventDate "2016.11.11"]
[EventType "swiss"]
[EventRounds "8"]
[EventCountry "ESP"]
[SourceTitle "EXT 2018"]
[Source "ChessBase"]
[SourceDate "2017.10.13"]
[SourceVersion "1"]
[SourceVersionDate "2017.10.13"]
[SourceQuality "1"]

1. Nf3 Nc6 2. g3 e5 3. Bg2 Nf6 4. d4 e4 5. Ne5 Be7 6. c4 0-0 7. Nc3 b6 8. Nxc6 dxc6 9. Nxe4 Bb7 10. 0-0 Qd7 11. e3 Nxe4 12. Bxe4 Rfd8 13. Qc2 g6 14. b3 Rab8 15. Bb2 c5 16. Bxb7 Rxb7 17. Rfd1 cxd4 18. Rxd4 Qc8 19. Qc3 f6 20. Rad1 c5 21. Rxd8+ Bxd8 22. Qd3 Be7 23. Qd5+ Kf8 24. Qf3 Kf7 25. e4 Qe6 26. e5 Rc7 27. h4 Kg7 28. Qf4 Rc6 29. Qe4 f5 30. Qd5 Qxd5 31. cxd5 Rc7 32. d6 Rd7 33. e6+ 1-0

[Event "Campos Migjorn op"]
[Site "Campos"]
[Date "2016.09.09"]
[Round "1"]
[White "Rubert Alfonso, Susana"]
[Black "Hermida Izquierdo, Miguel Angel"]
[Result "0-1"]
[WhiteElo "1176"]
[BlackElo "1671"]
[PlyCount "92"]
[EventDate "2016.09.09"]
[EventType "swiss"]
[EventRounds "8"]
[EventCountry "ESP"]
[SourceTitle "EXT 2017"]
[Source "ChessBase"]
[SourceDate "2016.10.25"]
[SourceVersion "1"]
[SourceVersionDate "2016.10.25"]
[SourceQuality "1"]

1. e4 c5 2. Nf3 Nc6 3. Nc3 g6 4. d4 cxd4 5. Nxd4 Bg7 6. Nxc6 bxc6 7. Bc4 a5 8. 0-0 Ba6 9. Bxa6 Rxa6 10. Qd3 Ra8 11. Re1 Qc7 12. Be3 Nf6 13. Bd4 0-0 14. e5 Ng4 15. Qg3 Nh6 16. Rad1 Nf5 17. Qf4 f6 18. g3 Nxd4 19. Qxd4 Rad8 20. exf6 Bxf6 21. Qc4+ Kh8 22. Rd3 e6 23. Red1 d5 24. Qb3 c5 25. Qa3 Bd4 26. R3d2 Rb8 27. Nb5 Rxb5 28. Rxd4 Rfb8 29. R4d3 Rxb2 30. Qc3+ Kg8 31. a3 R2b5 32. Rf3 Qg7 33. Qe3 Qd7 34. c4 Rb3 35. Qe5 Rxf3 36. Qxb8+ Kf7 37. Qe5 Rf5 38. Qe3 d4 39. Qd2 Qa4 40. g4 Rf3 41. Rb1 Kg7 42. Qg5 Qxc4 43. Rb7+ Rf7 44. Qe5+ Kg8 45. Rb8+ Rf8 46. Qf6 Rxb8 0-1

[Event "Palma Bellon Memorial U12"]
[Site "Palma"]
[Date "2016.04.30"]
[Round "4.3"]
[White "Garcia Adell, Ivan"]
[Black "Rubert Alfonso, Susana"]
[Result "1-0"]
[WhiteElo "1353"]
[BlackElo "1186"]
[PlyCount "61"]
[EventDate "2016.04.29"]
[EventType "swiss"]
[EventRounds "6"]
[EventCountry "ESP"]
[SourceTitle "EXT 2024"]
[Source "ChessBase"]
[SourceDate "2023.10.10"]
[SourceVersion "1"]
[SourceVersionDate "2023.10.10"]
[SourceQuality "1"]

1. e4 e5 2. Nf3 Nc6 3. Bc4 Nf6 4. Nc3 Bc5 5. d3 0-0 6. Bg5 h6 7. Be3 Bxe3 8. fxe3 d6 9. d4 Nxe4 10. Nxe4 d5 11. Bxd5 Qxd5 12. Qd3 exd4 13. exd4 Bf5 14. Nc3 Rfe8+ 15. Kd2 Qe6 16. Qe2 Qd6 17. Qf2 h5 18. Rae1 Red8 19. Nb5 Qb4+ 20. Nc3 Nxd4 21. Nxd4 Qxd4+ 22. Qxd4 Rxd4+ 23. Kc1 Rad8 24. h3 Kh7 25. Re2 Kg6 26. Rd1 Rxd1+ 27. Nxd1 Be6 28. a3 f5 29. Rxe6+ Kg5 30. g3 f4 31. Re5+ 1-0